000 00605nam a22001577a 4500
008 160526b xxu||||| |||| 00| 0 eng d
082 _22007
_aUT 0074
_bF66
100 _99166
_aFlorenosos, Ronnel C.
245 _aProfeciency of clinical instructors and the level of scholastic achievements of the UMDB BSN students/
_cRonnel C. Flrenosos, Sheryl C. Cortado and Madel G. Gingco.
260 _aDigos City:
_bUMDC
_cOctober 2007.
300 _a30 pages;
_c28 cm.
650 0 _99164
_aNursing
_xUndergraduate thesis.
700 _99162
_aCortado, Sheryl C.
700 _99163
_aGingco, Madel G.
942 _2ddc
_cUT
999 _c2768
_d2768